Global issues : (Record no. 134)

000 -LEADER
fixed length control field 01541cam a2200397 a 4500
003 - CONTROL NUMBER IDENTIFIER
control field ALUPE UNIVERSITY
005 - DATE AND TIME OF LATEST TRANSACTION
control field 20210603125858.0
008 - FIXED-LENGTH DATA ELEMENTS--GENERAL INFORMATION
fixed length control field 070405s2008 mau b 001 0 eng
020 ## - INTERNATIONAL STANDARD BOOK NUMBER
International Standard Book Number 9781405154970 (pbk. : alk. paper)
040 ## - CATALOGING SOURCE
Transcribing agency DLC
043 ## - GEOGRAPHIC AREA CODE
Geographic area code d------
050 00 - LIBRARY OF CONGRESS CALL NUMBER
Classification number HD82
Item number .S416 2008
050 04 - LIBRARY OF CONGRESS CALL NUMBER
Classification number HD82
Item number SEI
100 1# - MAIN ENTRY--PERSONAL NAME
Personal name Seitz, John L.,
Dates associated with a name 1931-
245 10 - TITLE STATEMENT
Title Global issues :
Remainder of title an introduction /
Statement of responsibility, etc. John L. Seitz.
250 ## - EDITION STATEMENT
Edition statement 3rd ed.
260 ## - PUBLICATION, DISTRIBUTION, ETC.
Place of publication, distribution, etc. Malden, MA :
Name of publisher, distributor, etc. Blackwell Pub.,
Date of publication, distribution, etc. 2008.
300 ## - PHYSICAL DESCRIPTION
Extent xvii, 308 p. :
Other physical details ill.
Dimensions 25 cm.
500 ## - GENERAL NOTE
General note Prev. ed.: 2002.
504 ## - BIBLIOGRAPHY, ETC. NOTE
Bibliography, etc. note Includes bibliographical references and index.
650 #0 - SUBJECT ADDED ENTRY--TOPICAL TERM
Topical term or geographic name entry element Economic development.
650 #0 - SUBJECT ADDED ENTRY--TOPICAL TERM
Topical term or geographic name entry element Economic history
Chronological subdivision 1945-
856 42 - ELECTRONIC LOCATION AND ACCESS
Uniform Resource Identifier http://www.loc.gov/catdir/enhancements/fy0827/2007014212-b.html
856 42 - ELECTRONIC LOCATION AND ACCESS
Uniform Resource Identifier http://www.loc.gov/catdir/enhancements/fy0827/2007014212-d.html
856 41 - ELECTRONIC LOCATION AND ACCESS
Uniform Resource Identifier http://www.loc.gov/catdir/toc/ecip0715/2007014212.html
942 ## - ADDED ENTRY ELEMENTS (KOHA)
Source of classification or shelving scheme
Koha item type Book
Suppress in OPAC JO
Holdings
Withdrawn status Lost status Source of classification or shelving scheme Damaged status Not for loan Permanent Location Current Location Shelving location Date acquired Total Checkouts Full call number Barcode Date last seen Copy number Price effective from Koha item type Public note
          AU LIBRARY AU LIBRARY Open Shelf 03.06.2021   HD82 .S416 2008 C1 28000175 03.06.2021 1 03.06.2021 Book DO
          AU LIBRARY AU LIBRARY Open Shelf 14.06.2021   HD82 .S416 2008 C2 28001166 14.06.2021 2 14.06.2021 Book DO

Powered by Koha